| 000 | 01915cam a2200325 a 4500 | ||
|---|---|---|---|
| 999 |
_c4625 _d4625 |
||
| 001 | 16917077 | ||
| 003 | OSt | ||
| 005 | 20250306103035.0 | ||
| 008 | 110812s2011 nyu 000 1 eng | ||
| 010 | _a 2011030839 | ||
| 020 | _a9781409182771 | ||
| 035 | _a(OCoLC)ocn713186837 | ||
| 040 |
_aDLC _cDLC _dIG# _dBTCTA _dYDXCP _dUPZ _dMLY _dBWX _dCDX _dDLC _dKH8 |
||
| 042 | _apcc | ||
| 043 | _ae-uk-en | ||
| 082 | _aFIC HOR | ||
| 100 | 1 |
_aHorowitz, Anthony, _d1955- _eauthor. |
|
| 245 | 1 | 4 |
_aThe house of silk / _cAnthony Horowitz. |
| 250 | _a1st ed. | ||
| 260 |
_aNew York : _bOrion Books, _c2011. |
||
| 300 |
_a398 p. ; _c20 cm. |
||
| 520 | _aLondon, 1890. 221B Baker St. A fine art dealer named Edmund Carstairs visits Sherlock Holmes and Dr John Watson to beg for their help. He is being menaced by a strange man in a flat cap – a wanted criminal who seems to have followed him all the way from America. In the days that follow, his home is robbed, his family is threatened. And then the first murder takes place. Almost unwillingly, Holmes and Watson find themselves being drawn ever deeper into an international conspiracy connected to the teeming criminal underworld of Boston, the gaslit streets of London, opium dens and much, much more. And as they dig, they begin to hear the whispered phrase - the House of Silk - a mysterious entity that connects the highest levels of government to the deepest depths of criminality. Holmes begins to fear that he has uncovered a conspiracy that threatens to tear apart the very fabric of society. | ||
| 600 | 1 | 0 |
_aHolmes, Sherlock _vFiction. |
| 600 | 1 | 0 |
_aWatson, John H. _c(Fictitious character) _vFiction. |
| 650 | 0 |
_aPrivate investigators _zEngland _vFiction. |
|
| 651 | 0 |
_aLondon (England) _vFiction. |
|
| 655 | 7 |
_aMystery fiction. _2gsafd |
|
| 942 |
_2ddc _cFIC |
||